Fe y vida. Jesucristo camino, verdad y vida.

Guardado en:
Detalles Bibliográficos
Autor principal: . Autor
Otros Autores: De la Herrán Luzarraga, Pedro. Autor
Formato: Desconocido
Lenguaje:español
Publicado: Madrid Magisterio Español, S.A. 1981
Catálogo:MANES:  Resultados de Búsqueda del Catálogo
Clasificación de libros de texto:
Etiquetas: Agregar Etiqueta
Sin Etiquetas, Sea el primero en etiquetar este registro!
Añadido a:2016-04-26
Cambiado en:2025-05-07

MARC

LEADER 000000000a22000000004500
001 12575
003 OSt
005 20250507133348.0
008 160427s sp ||||| |||| 00| 0 spa d
040 |c centro_manes 
041 1 |a spa 
561 |5 es-CICE  |a España. Centro Internacional de la Cultura Escolar  |k MANES 
691 0 |a PRI 
100 1 |a . Autor  |9 25 
700 1 |a De la Herrán Luzarraga, Pedro. Autor  |9 3634 
245 0 0 |a Fe y vida. Jesucristo camino, verdad y vida. 
260 3 |a Madrid  |b Magisterio Español, S.A.  |c 1981 
300 |a 131 p.  |c 26 x 19 cm 
500 |a EDAD:1213 
690 0 |a RyM 
942 |2 ddc  |c BK 
546 |a España 
999 |c 18549  |d 18549 
999 |c manes:18549  |d 18549